000 00270nam a2200097Ia 4500
008 180205s9999 xx 000 0 und d
100 _aSmith, Susy
245 _aReincarnation for the millinos :
260 _aNew York City
_bDell publushing Co,
_c1967
300 _a153 pages
999 _c354751
_d354751